Quizzes
Events
Quiz Creation
Community
Videos
Private Events
Remove Ads
Sign In
Join for FREE
Feedback
Dark Mode
Quiz Categories
Sports
Geography
Music
Movies
Television
Just For Fun
Miscellaneous
History
Literature
Language
Science
Gaming
Entertainment
Religion
Holiday
For Kids
Quiz Lab
Recent
Popular Today
Quiz Kudos Today
Editor Picks
Curator Picks
Quizzes by...
Day
Popularity
Type
Ratings
Length
Year
Community
Subscriptions
Recent Discussions
Orange Saloon
Badges
Playlists
Quests
Create
Leaderboards
Showdown
Live 5
Trivia Bingo
Activity
Puzzle Library
Sporcle Events
Private Events
Virtual Trivia
Globe League
Become a Host
Pub Owners
SporcleCon
Opinionation
Our Games
Videos
Blog
Mobile Apps
Partnerships
Remove Ads and Go Orange
Feedback
Miscellaneous
Crossword
General Knowledge
Baby Names
Logo
Food
Cars
Numbers
Grab Bag
University
College
Popular
Company
Slogans
Restaurants
Justice
Letter
Miscellaneous
Crossword
General Knowledge
Baby Names
Logo
Food
Cars
Numbers
Grab Bag
University
College
Popular
Company
Slogans
Restaurants
Justice
Letter
Random Quiz
Search Sporcle
×
Quiz Lab
Quiz Lab
Miscellaneous
stop
Type in answers that appear in a list
Type in answers that appear in a list
Classic
Best Score? Go Orange.
Budapest Bus Stops Line 64A Stats
Can you name the stops of the Bus line 64A in Budapest?
By
Zeratul
5m
18 Questions
2 Plays
2 Plays
2 Plays
Comments
Comments
Give Quiz Kudos
Give Quiz Kudos
-
- Ratings
hide this ad
More Info
Replay
Link that replays current quiz
Next Quiz
Link to next quiz in quiz playlist
You Got
0%
They Got
Avg Score
52%
Avg Friend Score
Upgrade to see
Score Distribution
Jump to the score distribution portion of the page
Score
0/18
Timer
05:00
0
Plays Today
Line
Stop
% Correct
64
Hűvösvölgy
100%
64
Bátori László utca
50%
64
Hunyadi János utca
50%
64
Kossuth Lajos utca
50%
64
Kölcsey utca
50%
64
Mikszáth Kálmán utca
50%
64
Községház utca
50%
64
Templom utca (Kultúrkúria)
50%
64
Solymári elágazás
50%
Line
Stop
% Correct
64
Szarvashegy utca
50%
64
Örökzöld utca
50%
64
Kökörcsin utca
50%
64
Anna kápolna
50%
64
Munkás utca
50%
64
Bajcsy-Zsillinszky utca
50%
64
Solymár, községháza
50%
64
Dózsa György utca
50%
64
Templom tér
50%
Quiz Playlist
Details
Report
Send in Message
Add To Playlist
More Info:
Bus line 64A Budapest, Hungary 2019
Classic:
Type in answers that appear in a list
Last Updated: Jan 29, 2019
Quiz Scoreboard
CHALLENGE
Sign Up to Join the Scoreboard
Show All
Scores
Hide
Comments
May contain spoilers
Recently Published
Billboard Blitz: Fleetwood Mac
by CooCooCachoo
Music
15s
Presidents Visiting Landmarks
by Hejman
History
7m
An Introduction to Baseball
by treessimontrees
Sports
5m
More to Explore
Quiz From the Vault
Featured Blog Post
Where Did the Easter Bunny Come From?
hide this ad
You Might Also Like...
Tags
bus
end
Hungary
station
stop
Today's Top Quizzes in Miscellaneous
Browse Miscellaneous
hide this ad
Today's Top Quizzes in stop
Browse stop
Top Contributed Quizzes in Miscellaneous
1
5-to-1: Fast Food
2
The JOE quick-fire general knowledge quiz: Day 174
3
The JOE quick-fire general knowledge quiz: Day 173
4
5-to-1: Cocktails
5
The JOE quick-fire general knowledge quiz: Day 172
6
Sunday Crossword: Famous Bodies of Water
7
One Thing in Common: United Kingdom II
8
The JOE quick-fire general knowledge quiz: Day 171
9
Named After an Animal - Odd One Out!
10
The JOE quick-fire quiz: Day 170
Explore More
Trending Topics
Kpop
Harry Potter
Crossword
Marvel
NBA
Anime
Disney
NFL
Soccer
WWE
Song
Pokémon
Country
The Office
Puzzle
hide this ad
More By:
Zeratul
Quiz
Plays
Rating
Category
Featured
Created
Budapest Bus Stops Line 5
54
5.00
Miscellaneous
Nov 27, 2014
Budapest Bus Stops Line 7
31
Miscellaneous
Mar 3, 2015
Budapest Bus Stops Line 7E
26
Miscellaneous
Mar 3, 2015
Budapest Bus Stops Line 8E
22
Miscellaneous
Nov 14, 2018
Budapest Bus Stops Line 9
16
Miscellaneous
Mar 3, 2015
Go to Creator's Profile
Score Distribution
Quiz Creator Spotlight
Zeratul
Follow
Send a Message
Quizzes Created
-
Created Quiz Play Count
-
More By This Creator
Popular Quizzes Today
1
Find the US States - No Outlines Minefield
2
Find the Countries of Europe - No Outlines Minefield
3
The Countries of the World
4
Find the US States
5
Popular People in 1961
6
US States
7
Risky Map Clicking: Biggest States A-Z
8
Movies - When Are They Set?
More Miscellaneous Quizzes
Grab a Bag Grab Bag
Curator's Pick
Trending Quizzes
Risky Map Clicking: Least Populous States A-Z
1-10 Letter G Words
1-10 Letter F Words
Risky Map Clicking: Next State Alphabetically
'A' Boys' Names Grid
Recently Updated
Leaping Animals
pecheneg
Reality TV Shows (A-Z)
bhenderson79
Rickey Henderson's Hall of Fame Teammates
pecheneg
Champions League XIs: Arsenal
pecheneg
Quick Pick: Celebrities in WWE's Hall of Fame
aduchscher
A-Z Keypad Blitz II
pecheneg
Multiple Oscar Actors
pecheneg
Mystery Phrase Blitz: Oscar 'Best Actors'
pecheneg
F. Scott Fitzgerald Novels
LTH
Pick 3 Villains
ddd62291
Trending Topics
Crossword
Disney
Kpop
Harry Potter
Marvel
Anime
NBA
Pokémon
Song
Soccer
The Office
NFL
Puzzle
Country
WWE
Your Account Isn't Verified!
In order to create a playlist on Sporcle, you need to verify the email address you used during registration. Go to your
Sporcle Settings
to finish the process.
Report this User
Report this user for behavior that violates our
Community Guidelines
.
Details:
Send Report
Go to the Sporcle.com Mobile Site →
Comments